000 00874cab a2200217 4500
001 ABS47999
008 090401t1993 xxu||||| |||| 00| 0 eng d
035 _a(Sirsi) u64367
041 _aeng
100 _aVarcoe, B.J.
245 _aNot us, surely? Disaster recovery planning for premises
260 _c1993
350 _a0
490 _aProperty Management
_v11(1) Winter 1993, 11-16(5)
520 _aAwareness among suppliers and managers of information technology of the potential for disaster is commonplace. It has led to the adoption of generally accepted precautions and contingency plans for the protection of software. This article extends the principle of disaster planning to buildings.
650 _aDISASTER RECOVERY
690 _aCOMMERCIAL PROPERTY-MANAGEMENT
690 _aOFFICE SERVICES AND ADMINISTRATION
942 _n0
948 _c04/03/1997
999 _c40086
_d40086